000 00485nam a22000977a 4500
999 _c2925
_d2925
008 190410| ||| | ||||||0| ||spa d
245 _aHueso Atlas
300 _eHueso Atlas
653 _aPrimer vértebra cervical.
_aPosee dos masas laterales reunidas en un arco anterior y posterior.
_aCara superior tiene la carilla articular que recibe el cóndilo del occipital.
_aCara inferior se articula con el axis
_aApófisis transversa.
_aFosa odontoidea.
_aTubérculo posterior.
942 _cHUESOS
_2ddc